PRIMA DELL'ALBA (Record n. 107270)
[ formato base ]
| 000 -LEADER | |
|---|---|
| fixed length control field | 01703agaaa2200337 4500 |
| 001 - CONTROL NUMBER | |
| control field | 7183 |
| 003 - CONTROL NUMBER IDENTIFIER | |
| control field | IT-RoPAU |
| 005 - DATE AND TIME OF LATEST TRANSACTION | |
| control field | 20220918181256.0 |
| 007 - PHYSICAL DESCRIPTION FIXED FIELD--GENERAL INFORMATION | |
| fixed length control field | d cvaizq |
| 008 - FIXED-LENGTH DATA ELEMENTS--GENERAL INFORMATION | |
| fixed length control field | 50131s9999||||xx ||| | || ||und|| |
| 040 ## - CATALOGING SOURCE | |
| Original cataloging agency | IT-RoPAU |
| Transcribing agency | IT-RoPAU |
| 041 ## - LANGUAGE CODE | |
| Language code of text/sound track or separate title | ITALIANO |
| 100 ## - MAIN ENTRY--PERSONAL NAME | |
| Personal name | Linklater Richard |
| Miscellaneous information | Codice regista SPICS: 46091 |
| 9 (RLIN) | 51331 |
| 130 ## - MAIN ENTRY--UNIFORM TITLE | |
| Uniform title | PRIMA DELL'ALBA |
| 9 (RLIN) | 51332 |
| 240 ## - UNIFORM TITLE | |
| Uniform title | BEFORE SUNRISE |
| Miscellaneous information | T2966 |
| 245 ## - TITLE STATEMENT | |
| Title | PRIMA DELL'ALBA |
| Statement of responsibility, etc. | Diretto da: Linklater Richard |
| Name of part/section of a work | PRIMA DELL'ALBA (Rif. Codice opera principale : D7183) |
| 246 ## - VARYING FORM OF TITLE | |
| Title proper/short title | BEFORE SUNRISE |
| 250 ## - EDITION STATEMENT | |
| Edition statement | Edizione Standard |
| 260 ## - PUBLICATION, DISTRIBUTION, ETC. (IMPRINT) | |
| Place of publication, distribution, etc. | (AUSTRIA) |
| Name of publisher, distributor, etc. | DETOUR FILMPRODUCTION - FILMHAUS'VIENNA / |
| Date of manufacture | "1994 (1° ed.: 1994 ; Ed. Lingua Orig.: 1994)" |
| 300 ## - PHYSICAL DESCRIPTION | |
| Extent | VHS |
| Other physical details | sonoro, col. |
| Dimensions | 101 minuti |
| 508 ## - CREATION/PRODUCTION CREDITS NOTE | |
| Creation/production credits note | Soggetto: Linklater Richard -- Krizan Kim |
| 511 ## - PARTICIPANT OR PERFORMER NOTE | |
| Participant or performer note | "Hawke Ethan; Delpy Julie; Eckert Andrea; Poschl Hanno" |
| 520 ## - SUMMARY, ETC. | |
| Summary, etc. | INCONTRARSI ED AMARSI A VIENNA PER UNA NOTTE SOLTANTO PRIMA DI SEPARARSI: LUI AMERICANO IN VIAGGIO PER L'EUROPA CONOSCE CELINE STUDENTESSA PARIGINA DI RITORNO DA BUDAPEST. LEI DOVREBBE PROSEGUIRE LUI FRA 14 ORE HA L'AEREO CHE LO PORTER… NEGLI STATES MA NONOSTANTE QUESTO RA DOMANDE ED INQUIETUDINI CAREZZE E CONFIDENZE JESSE E CELINE VIVONO LA PIU' DOLCE EMOZIONANTE BREVE STORIA D'AMORE DELLA LORO VITA. |
| 538 ## - SYSTEM DETAILS NOTE | |
| System details note | PAL, STEREO |
| 546 ## - LANGUAGE NOTE | |
| Language note | ITALIANO |
| 650 ## - SUBJECT ADDED ENTRY--TOPICAL TERM | |
| Topical term or geographic name as entry element | COMMEDIA |
| Relator term | FILMS [VHS] |
| General subdivision | Codice MATERIA SPICS: 9960 |
| 9 (RLIN) | 51333 |
| 700 ## - ADDED ENTRY--PERSONAL NAME | |
| Personal name | Krizan Kim |
| Relator term | (soggetto) |
| Miscellaneous information | Codice Soggetto 2° SPICS: 46090 |
| 9 (RLIN) | 51334 |
| 700 ## - ADDED ENTRY--PERSONAL NAME | |
| Personal name | Linklater Richard |
| Relator term | (regista) |
| Miscellaneous information | Codice regista SPICS: 46091 |
| 9 (RLIN) | 51335 |
| 700 ## - ADDED ENTRY--PERSONAL NAME | |
| Personal name | Linklater Richard |
| Relator term | (soggetto) |
| Miscellaneous information | Codice Soggetto SPICS: 46091 |
| 9 (RLIN) | 51336 |
| 942 ## - ADDED ENTRY ELEMENTS (KOHA) | |
| Koha item type | VHS - VIDEO |
| Source of classification or shelving scheme | Dewey Decimal Classification |
| Withdrawn status | Lost status | Damaged status | Not for loan | Home library | Current library | Date acquired | Total Checkouts | Full call number | Date last seen | Price effective from | Koha item type | Public note |
|---|---|---|---|---|---|---|---|---|---|---|---|---|
| Buone Condizioni | Not For Loan | SPICS-MEDIATECA | SPICS-MEDIATECA | 31/01/2015 | D7183 | 31/01/2015 | 31/01/2015 | VHS - VIDEO | Progr. Ins.: 682 / N.Vol.:1 / Copie: 1 / Pag.: / Copia rara: n.d. / date import: 1.2.2015 / By Epidotti, Trombetti, Vaglietti |